000 02156nam a22003617a 4500
005 2011080406576.0
008 090728t xxu||||| |||| 00| 0 pun d
010 _aPUN-6948 B-465060-064
020 _c200.00
_a9788179143865
035 _aPN-6065 B-465060-064
037 _bDBAD / PUB
037 _bRBC/Vender
040 _adpl
_bpn
082 _a
100 _924414
_aਪੁਰੀ ,ਗੁਰਦੀਪ ਸਿੰਘ
245 _aਤਿੱਤਲੀਆਂ ਦੀ ਤਲਾਸ਼ ਵਿੱਚ /
_cਗੁਰਦੀਪ ਸਿੰਘ ਪੁਰੀ
246 _aTitlian di talaash vich
_bby Gurdeep Singh Puri
260 _aChandigarh
_bTarlochan Publishers
_c2011
270 _a3236, Sector-15-D,
_bChandigarh
_k0172-4613236
300 4 _a136 ਸਫੇ
_c22ਸੇਮੀ (ਸਜਿਲੱਦ)
600 _931401
650 _924412
650 _924431
700 _931690
942 _2ddc
_cPN
_h
_mਪੁਰੀਗੁ
999 _c55154
_d55154